Logo BPK

Biblioteka

Politechniki Koszalińskiej

Teraz polski : (Rekord nr 43653)

Szczegóły MARC
000 -ETYKIETA REKORDU
podpole kontrolne o stałej długości 00692nam a2200229 i 4500
001 - NUMER KONTROLNY REKORDU
pole kontrolne bg
020 ## - MIĘDZYNARODOWY ZNORMALIZOWANY NUMER KSIĄŻKI - ISBN
ISBN 8390240130
040 ## - ŹRÓDŁO KATALOGOWANIA
Instytucja, która utworzyła rekord BPK
041 0# - KOD JĘZYKA
Kod języka tekstu pol
080 ## - UNIWERSALNA KLASYFIKACJA DZIESIĘTNA - UKD
UKD 811.162.1(07)
920 ## - Międzynarodowy znormalizowany numer książki – ISBN
ISBN 83-902401-3-0
008 - POLE O STAŁEJ DŁUGOŚCI - DANE KONTROLNE
podpole kontrolne o stałej długości s pl f |000 0 pol
100 1# - NAZWA OSOBOWA
Nazwa osobowa PELC, Teresa
245 10 - TYTUŁ/ODPOWIEDZIALNOŚĆ
Tytuł Teraz polski :
Ciąg dalszy tytułu gry i ćwiczenia komunikacyjne : podręcznik dla studentów /
Pozostałe elementy strefy tytułu i oznaczenia odpowiedzialności Teresa Pelc.
260 ## - STREFA ADRESU WYDAWNICZEGO
Miejsce wydania [Łódź] :
Nazwa wydawcy/dystrybutora WING,
Data publikacji, dystrybucji/powstania dokumentu cop. 1997.
300 ## - STREFA OPISU FIZYCZNEGO
Objętość 60 k. tabl. :
Inne cechy fizyczne il. ;
Rozmiary 30 cm.
500 ## - UWAGI OGÓLNE
Tekst uwagi Opis wg okł.
650 #9 - HASŁO PRZEDMIOTOWE W FORMIE NAZWY OGÓLNEJ LUB JEDNOSTKOWEJ
Nazwa ogólna lub geograficzna Język polski
655 ## - TERMIN INDEKSOWY - OKREŚLENIE RODZAJU/FORMY DOKUMENTU
Określenie rodzaju/formy dokumentu Podręczniki
856 ## - LOKALIZACJA I DOSTĘP DO ELEKTRONICZNYCH DOKUMENTÓW ZDALNYCH
Link (URL) http://koha.tu.koszalin.pl/cgi-bin/koha/opac-detail.pl?biblionumber=43653
Tekst linku Katalog online BPK
942 ## - DODATKOWE ELEMENTY (KOHA)
Typ dokumentu Książka
Egzemplarze
Wycofany Status egzemplarza Uszkodzony Dostępność Lokalizacja stała Lokalizacja bieżąca Miejsce przechowywania Sygnatura Kod kreskowy Typ dokumentu
      Dostępny Biblioteka Politechniki Koszalińskiej Biblioteka Politechniki Koszalińskiej Wypożyczalnia BG 69605 02042244 Książka
      Dostępny Biblioteka Politechniki Koszalińskiej Biblioteka Politechniki Koszalińskiej Wypożyczalnia BG 69606 02042237 Książka
      Dostępny Biblioteka Politechniki Koszalińskiej Biblioteka Politechniki Koszalińskiej Wypożyczalnia BG 69607 02042220 Książka
© 2023 Biblioteka Politechniki Koszalińskiej :: KOHA